|
|
|
|
| LEADER |
00661nab a2200193 i 4500 |
| 001 |
acta12096 |
| 005 |
20250903154304.0 |
| 008 |
161015s1941 hu o 000 hun d |
| 040 |
|
|
|a SZTE Egyetemi Kiadványok Repozitórium
|b hun
|
| 041 |
|
|
|a hun
|
| 100 |
1 |
|
|a Marót Károly
|
| 245 |
1 |
2 |
|a A magyar "Szent-Iván" tanítása
|h [elektronikus dokumentum] /
|c Marót Károly
|
| 260 |
|
|
|c 1941
|
| 300 |
|
|
|a 203-214
|
| 490 |
0 |
|
|a Szellem és élet
|v 4 No. 4
|
| 650 |
|
4 |
|a Bölcsészettudományok
|
| 650 |
|
4 |
|a Filozófia, etika és vallástudományok
|
| 695 |
|
|
|a Vallásfilozófia
|
| 856 |
4 |
0 |
|u http://acta.bibl.u-szeged.hu/12096/1/szellem_1941_004_203-214.pdf
|z Dokumentum-elérés
|